[Event "ROM-ch U10"]
[Site "Baile Felix"]
[Date "2017.02.03"]
[Round "2"]
[White "Crecan, Dragos Matei"]
[Black "Magold, Filip"]
[Result "0-1"]
[WhiteElo "1201"]
[BlackElo "1425"]
[PlyCount "54"]
[EventDate "2017.02.02"]
[EventType "swiss"]
[EventRounds "9"]
[EventCountry "ROU"]
[SourceTitle "CBM 176 Extra"]
[Source "ChessBase"]
[SourceDate "2017.03.02"]
[SourceVersion "1"]
[SourceVersionDate "2017.03.02"]
[SourceQuality "1"]

1. f4 b6 2. e3 Bb7 3. b3 e6 4. Bb2 Nc6 5. Nf3 Nf6 6. Bd3 Be7 7. Nc3 d5 8. 0-0 0-0 9. Ne2 Nb4 10. Ne5 Nc6 11. Ng3 Re8 12. Ng4 Nb4 13. Ne5 Nxd3 14. Nxd3 Ba6 15. Nh5 c5 16. Rf2 Bxd3 17. cxd3 Nxh5 18. Qxh5 g6 19. Rf3 gxh5 20. Rg3+ Bg5 21. Rxg5+ Kf8 22. d4 Ke7 23. dxc5 bxc5 24. f5 Kd7 25. fxe6+ Rxe6 26. Rg7 Rf6 27. Bxf6 Qxf6 0-1

[Event "ROM-ch U10"]
[Site "Calimanesti Caciulata"]
[Date "2016.04.24"]
[Round "8"]
[White "Lapusneanu, Vlad"]
[Black "Crecan, Dragos Matei"]
[Result "0-1"]
[WhiteElo "1022"]
[BlackElo "1229"]
[PlyCount "116"]
[EventDate "2016.04.18"]
[EventType "swiss"]
[EventRounds "9"]
[EventCountry "ROU"]
[SourceTitle "EXT 2017"]
[Source "ChessBase"]
[SourceDate "2016.10.25"]
[SourceVersion "1"]
[SourceVersionDate "2016.10.25"]
[SourceQuality "1"]

1. e4 Nc6 2. Nf3 d5 3. exd5 Qxd5 4. Nc3 Qa5 5. Bb5 Bd7 6. 0-0 a6 7. Bxc6 Bxc6 8. d3 0-0-0 9. Bd2 Nf6 10. Qe2 Qh5 11. Qe5 Bxf3 12. Qxh5 Bxh5 13. Bg5 e6 14. Ne4 Be7 15. Nxf6 Bxf6 16. Bxf6 gxf6 17. Rfe1 Rhg8 18. Re3 Rd5 19. c3 Re5 20. Rxe5 fxe5 21. Re1 f6 22. d4 exd4 23. cxd4 Rd8 24. Rxe6 Rxd4 25. h3 Rd6 26. Rxd6 cxd6 27. Kf1 Bf7 28. a3 Kc7 29. Ke2 Kc6 30. g4 Kd5 31. Ke3 Ke5 32. f4+ Kd5 33. Kd3 h5 34. Ke3 hxg4 35. hxg4 b6 36. g5 fxg5 37. fxg5 Kc4 38. Kd2 Bg6 39. Ke3 Kb3 40. Kd4 a5 41. Kd5 a4 42. Kxd6 Kxb2 43. Kc6 Kxa3 44. Kxb6 Kb4 45. Kc6 a3 46. Kd6 a2 47. Ke6 a1Q 48. Kd5 Qc1 49. Ke6 Qxg5 50. Kd6 Be4 51. Ke6 Qd5+ 52. Kf6 Kc5 53. Ke7 Qd6+ 54. Kf7 Kd5 55. Ke8 Qc7 56. Kf8 Qd7 57. Kg8 Qe7 58. Kh8 Qh7# 0-1